<?xml version="1.0" encoding="UTF-8"?>
<marc:record xmlns:marc="http://www.loc.gov/MARC21/slim">
   <marc:leader>00000nam a2200000 a 4500</marc:leader>
   <marc:datafield ind1=" " ind2=" " tag="653">
      <marc:subfield code="a">Aerobic</marc:subfield>
   </marc:datafield>
   <marc:datafield ind1=" " ind2=" " tag="653">
      <marc:subfield code="a">Bodybuilding</marc:subfield>
   </marc:datafield>
   <marc:datafield ind1=" " ind2=" " tag="653">
      <marc:subfield code="a">Gymnastik</marc:subfield>
   </marc:datafield>
   <marc:datafield ind1="0" ind2="0" tag="245">
      <marc:subfield code="a">Rückentraining für jeden Tag</marc:subfield>
   </marc:datafield>
   <marc:datafield ind1="0" ind2="0" tag="245">
      <marc:subfield code="c">Stefanie Flekstad</marc:subfield>
   </marc:datafield>
   <marc:datafield ind1=" " ind2="1" tag="264">
      <marc:subfield code="a">München</marc:subfield>
      <marc:subfield code="b">Compact-Verl.</marc:subfield>
      <marc:subfield code="c">2008</marc:subfield>
   </marc:datafield>
   <marc:datafield ind1="1" ind2=" " tag="520">
      <marc:subfield code="a">Angaben aus der Verlagsmeldung

Rückentraining für jeden Tag : Stark und beweglich in kurzer Zeit / von Stefanie Fleckstad

Ein Großteil der Menschen verbringt den Tag sitzend im Büro. Kein Wunder, dass die Zahl der von Rückenschmerzen geplagten Menschen stetig zunimmt. Ursachen dafür sind Fehlbelastungen, Stress und ungeschickte Bewegungen. Bereits ein regelmäßiges 5-Minuten-Training, das gezielt den Rücken kräftigt, kann diesen Schmerzverursachern entgegenwirken und nachhaltig Abhilfe bei Rückenbeschwerden schaffen. Der Ratgeber hilft dem Leser, ein effektives Training zusammenzustellen, das nur wenig Zeit in Anspruch nimmt. Nach einer Einführung, die auf den Aufbau der Wirbelsäule, die wichtigsten Grundpositionen und allgemeine Trainingsgrundlagen eingeht, folgt ein ausführlicher Praxisteil. 15 Übungseinheiten á 5 Minuten mit leicht verständlichen Übungsbeschreibungen sorgen für ein abwechslungsreiches Training für Anfänger und Profis. Vorgestellt wird ein Programm, das sich leicht in den Alltag integrieren lässt – auch wenn dieser von Stress und Hektik gezeichnet ist. Zahlreiche Illustrationen veranschaulichen das Fitnessprogramm und erleichtern die Ausführung der Übungen. Eine beiliegende CD mit zahlreichen Übungsbeschreibungen und Musik ersetzt Fitnessstudio und Personal Trainer.
</marc:subfield>
   </marc:datafield>
   <marc:datafield ind1=" " ind2=" " tag="020">
      <marc:subfield code="a">9783817464470</marc:subfield>
      <marc:subfield code="9">9783817464470</marc:subfield>
   </marc:datafield>
   <marc:datafield ind1=" " ind2=" " tag="041">
      <marc:subfield code="a">ger</marc:subfield>
   </marc:datafield>
   <marc:datafield ind1=" " ind2=" " tag="300">
      <marc:subfield code="a">80 S.</marc:subfield>
   </marc:datafield>
</marc:record>
